| 000 | 00552nam a22001937a 4500 | ||
|---|---|---|---|
| 005 | 20241218111923.0 | ||
| 010 | _aENG-143063 | ||
| 020 |
_a9789355016539 _c730.00 |
||
| 035 | _aEN-126595 | ||
| 037 | _bDBAD | ||
| 082 | _a650 | ||
| 100 |
_aWason, V. _975305 |
||
| 245 |
_aWasons Textbook Of Business Studies-12/ _cBy V. Wason |
||
| 250 | _aRevised | ||
| 260 |
_bS. Chand School Books _aUttar Pradesh _c2023 |
||
| 270 |
_aD-92, Sector-2, Noida _bUttar Pradesh _e201301 |
||
| 300 |
_avpp. _c23cm(pb) |
||
| 942 |
_2ddc _cEN _h656 _mWAS |
||
| 999 |
_c207775 _d207775 |
||